书目信息 |
| 题名: |
生理学
|
|
| 作者: | ;湖南医学院 主编 | |
| 分册: | ||
| 出版信息: | 北京 人民卫生出版社 1978 |
|
| 页数: | 502页 | |
| 开本: | 26cm | |
| 丛书名: | ||
| 单 册: | ||
| 中图分类: | Q4 | |
| 科图分类: | ||
| 主题词: | 人体生理学--专业学校--教材 , 生理学 | |
| 电子资源: | ||
| ISBN: | ||
| 000 | 00663nam0 2200241 45 | |
| 001 | 0178000700 | |
| 005 | 20060809152816.45 | |
| 010 | @dCNY2.50 | |
| 091 | @a14048.3659 | |
| 100 | @a19950803d1978 em y0chiy0121 ea | |
| 101 | 0 | @achi |
| 102 | @aCN@b110000 | |
| 105 | @ay z 000yy | |
| 200 | 10 | @a生理学@Asheng li xue@f湖南医学院主编 |
| 210 | @a北京@c人民卫生出版社@d1978 | |
| 215 | @a502页@d26cm | |
| 300 | @a全国中等卫生学校试用教材 供医学、儿科、口腔、卫生专业用 | |
| 606 | @a人体生理学@x专业学校@x教材 | |
| 606 | 0 | @a生理学 |
| 690 | @aQ4@v3 | |
| 711 | 02 | @a湖南医学院@Ahu nan yi xue yuan@4主编 |
| 801 | 0 | @aCN@bNLC@c20060809 |
| 905 | @f1@b9401@dQ4@e19 | |
| 生理学/湖南医学院主编.-北京:人民卫生出版社,1978 |
| 502页;26cm |
| 全国中等卫生学校试用教材 供医学、儿科、口腔、卫生专业用 |
| ISBN :CNY2.50 |
| ● |
| 相关链接 |
|
|
|
|
正题名:生理学
索取号:Q4/19
 
预约/预借
| 序号 | 登录号 | 条形码 | 馆藏地/架位号 | 状态 | 备注 |
| 1 | 0009401 | 000076385 | 第三借阅区/ [索取号:Q4/19] | 在馆 | |
| 2 | 0451645 | 204516452 | 密集书库/ [索取号:Q4/19] | 在馆 |